Statistics for Years in History #3 - Multiple Choice

Click here to take the quiz!

General Stats

  • This quiz has been taken 43 times
  • The average score is 9 of 15

Answer Stats

QuestionAnswer% Correct
When did the Spanish Civil War started?1936
92%
When did Queen Victoria of the United Kingdom of Great Britain and Ireland died?1901
82%
When did the sinking of the unarmed British ocean liner Lusitania took place?1915
79%
When did Emperor Nicholas II of Russia and his family died?1918
77%
When was the Louisiana Territory purchased from France?1803
67%
In which year did Indonesia get its independence from the Dutch?1949
67%
When did the Iranian Revolution took place with Ruhollah Khomeini as a leader?1979
67%
When was Sweden become directly involved in a war for the last time?1814
64%
When did Charles V, Emperor of the Holy Roman Empire and also known as Charles I King of Spain died?1558
59%
When was first imprisoned Nelson Mandela?1964
54%
When was Egypt absorbed into the Turkish Ottoman empire?1517
46%
In which year was the planet Uranus discovered?1781
46%
When did the last executions of prisoners took place in the United Kingdom?1964
46%
When was the smallpox vaccine introduced to the United States and commonly accepted as a new procedure?1799
23%
In which year was the Communist Party of the Soviet Union founded?1912
15%

Score Distribution

Percentile by Number Answered

Percent of People with Each Score

Your Score History

You have not taken this quiz